000 00272nam a2200109Ia 4500
001 1272369
005 20260417151427.0
008 260417s9999 xx 000 0 und d
020 _a9786255888730
245 0 _aKıpırdaşan Harfler
_cKate Rolfe
260 _bKetebe Çocuk
999 _c1272369
_d1272369